النشر الإلكتروني والشبكات والمكتبة الإلكترونية والإنترنت وخدماتها بالمكتبات الجامعية / (رقم التسجيلة. 40934)

تفاصيل مارك
000 -الفاتح
حقل البيانات ثابتة الطول 01314nam a2200289 4500
003 - محدد رقم الضبط
رقم الضبط OSt
005 - وقت وتاريخ اخر تعامل مع التسجيلة
رقم الضبط 20170921153334.0
008 - عناصر البيانات ثابتة الطول - معلومات عامة
حقل البيانات ثابتة الطول 160502s2017 ua g b 000 0 ara d
020 ## - الرقم الدولى المعيارى للكتب
الرقم الدولى المعيارى للكتاب 9789774402469
040 ## - مصدر الفهرسة
وكالة الفهرسة الأصلية Ma-Un
لغة الفهرسة ara
وكالة النسخ Dar Arab
082 04 - رقم تصنيف ديوى العشرى
رقم الطبعة 21
رقم التصنيف 070.5797
رقم المادة ع ف ن
100 1# - المدخل الرئيسى - إسم شخصى
9 (RLIN) 53479
الإسم الشخصى عبد الرحمن، فردوس عمر عثمان
245 12 - بيان العنوان
العنوان النشر الإلكتروني والشبكات والمكتبة الإلكترونية والإنترنت وخدماتها بالمكتبات الجامعية /
بيان المسئوليه,etc فردوس عمر عثمان عبد الرحمن.
250 ## - بيان الطبعة
بيان الطبعة ط. 1.
260 ## - PUBLICATION, DISTRIBUTION, ETC. (IMPRINT)
مكان الناشر او الموزع القاهرة :
اسم الناشر او الموزع الدار العالمية،
تاريخ النشر أو التوزيع 2017.
300 ## - الوصف المادى
التعداد 363 ص. ؛
أبعاد الوعاء 24 سم.
504 ## - تبصرة ببليوجرافية
تبصرة ببليوجرافية,الخ يشتمل على إرجاعات ببليوجرافية.
504 ## - تبصرة ببليوجرافية
تبصرة ببليوجرافية,الخ ببليوجرافية : ص. 341-363.
650 #4 - المدخل الاضافى بالموضوع-مصطلح موضوعى
مصطلح موضوعي أو اسم جغرافي كعنصر مدخل النشر الإلكتروني
9 (RLIN) 22168
650 #4 - المدخل الاضافى بالموضوع-مصطلح موضوعى
مصطلح موضوعي أو اسم جغرافي كعنصر مدخل المكتبات والإنترنت
9 (RLIN) 12519
650 #4 - المدخل الاضافى بالموضوع-مصطلح موضوعى
مصطلح موضوعي أو اسم جغرافي كعنصر مدخل المكتبات
التقسيم الفرعي العام أتمتة
9 (RLIN) 14729
650 #4 - المدخل الاضافى بالموضوع-مصطلح موضوعى
مصطلح موضوعي أو اسم جغرافي كعنصر مدخل المكتبات الرقمية
9 (RLIN) 14411
700 12 - المدخل الاضافى - اسم شخصى
عنوان العمل مفتاح العلوم.
9 (RLIN) 44322
700 12 - المدخل الاضافى - اسم شخصى
عنوان العمل التلخيص في علوم البلاغة.
9 (RLIN) 59749
700 12 - المدخل الاضافى - اسم شخصى
عنوان العمل تفسير الفخر الرازي، المشتهر، بالتفسير الكبير ومفاتيح الغيب.
9 (RLIN) 59611
942 ## - عناصر المدخل الإضافي( كوها)
Koha [default] item type كتاب
المقتنيات
حالة الفقد نموذج السعر الفعال حالة تلف ليس للاعارة رقم الطلب رقم النسخة تاريخ الاكتساب الموقع الحالي الباركود الفرع الرئيسي Date last seen نوع المادة فى نظام كوها مصدر التصنيف او خطة الترفيف Total Checkouts
  2017-09-21   Not For Loan 070.5797 ع ف ن 1 2017-09-21 المكتبة المركزية بالمجمعة (CL) 00234614 المكتبة المركزية بالمجمعة (CL) 2017-09-21 كتاب Dewey Decimal Classification  
  2017-09-21     070.5797 ع ف ن 2 2017-09-21 المكتبة المركزية بالمجمعة (CL) 00234615 المكتبة المركزية بالمجمعة (CL) 2017-09-21 كتاب Dewey Decimal Classification  
  2017-09-21     070.5797 ع ف ن 3 2017-09-21 المكتبة المركزية بالمجمعة (CL) 00234616 المكتبة المركزية بالمجمعة (CL) 2017-09-21 كتاب Dewey Decimal Classification  
  2017-09-21   Not For Loan 070.5797 ع ف ن 1 2017-09-21 قسم الاجراءات الفنية (IC) 00234622 قسم الاجراءات الفنية (IC) 2017-09-21 كتاب Dewey Decimal Classification  
  2017-09-21     070.5797 ع ف ن 2 2017-09-21 قسم الاجراءات الفنية (IC) 00234624 قسم الاجراءات الفنية (IC) 2017-09-21 كتاب Dewey Decimal Classification  
  2017-09-21   Not For Loan 070.5797 ع ف ن 1 2017-09-21 قسم الاجراءات الفنية (IC) 00234625 قسم الاجراءات الفنية (IC) 2017-09-21 كتاب Dewey Decimal Classification  
  2017-09-21     070.5797 ع ف ن 2 2017-09-21 قسم الاجراءات الفنية (IC) 00234626 قسم الاجراءات الفنية (IC) 2017-09-21 كتاب Dewey Decimal Classification  
  2017-09-21   Not For Loan 070.5797 ع ف ن 1 2017-09-21 قسم الاجراءات الفنية (IC) 00234631 قسم الاجراءات الفنية (IC) 2017-09-21 كتاب Dewey Decimal Classification  
  2017-09-21     070.5797 ع ف ن 2 2017-09-21 قسم الاجراءات الفنية (IC) 00234632 قسم الاجراءات الفنية (IC) 2017-09-21 كتاب Dewey Decimal Classification  
  2017-09-21   Not For Loan 070.5797 ع ف ن 1 2017-09-21 كلية الشريعة والقانون - طالبات 00234633 كلية الشريعة والقانون - طالبات 2017-09-21 كتاب Dewey Decimal Classification  
  2017-09-21     070.5797 ع ف ن 2 2017-09-21 كلية الشريعة والقانون - طالبات 00234634 كلية الشريعة والقانون - طالبات 2017-09-21 كتاب Dewey Decimal Classification  
  2017-09-21   Not For Loan 070.5797 ع ف ن 1 2017-09-21 مكتبة كلية التربية بالزلفى - طالبات (EZF) 00234619 مكتبة كلية التربية بالزلفى - طالبات (EZF) 2017-09-21 كتاب Dewey Decimal Classification  
  2017-09-21     070.5797 ع ف ن 2 2017-09-21 مكتبة كلية التربية بالزلفى - طالبات (EZF) 00234620 مكتبة كلية التربية بالزلفى - طالبات (EZF) 2017-09-21 كتاب Dewey Decimal Classification  
  2017-09-21   Not For Loan 070.5797 ع ف ن 1 2017-09-21 مكتبة كلية العلوم و الدراسات الإنسانية برماح - طالبات (SRF) 00234629 مكتبة كلية العلوم و الدراسات الإنسانية برماح - طالبات (SRF) 2017-09-21 كتاب Dewey Decimal Classification  
  2017-09-21     070.5797 ع ف ن 2 2017-09-21 مكتبة كلية العلوم و الدراسات الإنسانية برماح - طالبات (SRF) 00234630 مكتبة كلية العلوم و الدراسات الإنسانية برماح - طالبات (SRF) 2017-09-21 كتاب Dewey Decimal Classification  
  2017-09-21   Not For Loan 070.5797 ع ف ن 1 2017-09-21 مكتبة كلية العلوم و الدراسات الإنسانية برماح - طلاب (SRM) 00234627 مكتبة كلية العلوم و الدراسات الإنسانية برماح - طلاب (SRM) 2017-09-21 كتاب Dewey Decimal Classification  
  2017-09-21     070.5797 ع ف ن 2 2017-09-21 مكتبة كلية العلوم و الدراسات الإنسانية برماح - طلاب (SRM) 00234628 مكتبة كلية العلوم و الدراسات الإنسانية برماح - طلاب (SRM) 2017-09-21 كتاب Dewey Decimal Classification  
  2017-09-21   Not For Loan 070.5797 ع ف ن 1 2017-09-21 مكتبة مجمع الطالبات بالمجمعة (EMF) 00234617 مكتبة مجمع الطالبات بالمجمعة (EMF) 2017-09-21 كتاب Dewey Decimal Classification  
  2017-09-21     070.5797 ع ف ن 2 2017-09-21 مكتبة مجمع الطالبات بالمجمعة (EMF) 00234618 مكتبة مجمع الطالبات بالمجمعة (EMF) 2017-09-21 كتاب Dewey Decimal Classification  
  2017-09-21   Not For Loan 070.5797 ع ف ن 1 2017-09-21 مكتبة مجمع الكليات بالزلفى - طلاب (SZM) 00234621 مكتبة مجمع الكليات بالزلفى - طلاب (SZM) 2017-09-21 كتاب Dewey Decimal Classification  
  2017-09-21     070.5797 ع ف ن 2 2017-09-21 مكتبة مجمع الكليات بالزلفى - طلاب (SZM) 00234623 مكتبة مجمع الكليات بالزلفى - طلاب (SZM) 2017-09-21 كتاب Dewey Decimal Classification